00462cam a22001572 4500001001100000005001700011008004100028040001500069100003200084245008000116250001300196260004700209300001100256650003400267852000300301000000977420151217155844.0081127s xx 000 0 eng d aKABUcKABU1 aWhiteley, W. H.@000015801310aKi-Mtangata :ba dialect of the Mrime coast - Tanganyika /cW. H. Whiteley. a1st ed. aKampala :bE. A. Swahili Committee,c1956. a61 p. 0aMtangata dialect.@00001615561